[Event "IND-ch (Women) 49th"]
[Site "Ahmedabad"]
[Date "2023.07.03"]
[Round "4"]
[White "Kashthuri Bhai, R."]
[Black "Janani, J."]
[Result "1-0"]
[WhiteElo "1492"]
[BlackElo "1764"]
[PlyCount "75"]
[EventDate "2023.06.30"]
[EventType "swiss"]
[EventRounds "11"]
[EventCountry "IND"]
[SourceTitle "CBM 215 Extra"]
[Source "ChessBase"]
[SourceDate "2023.09.30"]
[SourceVersion "1"]
[SourceVersionDate "2023.09.30"]
[SourceQuality "1"]

1. e4 e5 2. Nf3 Nc6 3. Bc4 Bc5 4. Nc3 Nf6 5. d3 h6 6. Be3 Bb6 7. h3 d6 8. Qe2 Bd7 9. Nd5 Nxd5 10. Bxd5 0-0 11. g4 Bxe3 12. fxe3 g6 13. 0-0-0 Be6 14. d4 exd4 15. Bxc6 bxc6 16. exd4 d5 17. e5 Qe7 18. Qe3 Kg7 19. Nd2 f6 20. Nb3 Bg8 21. Nc5 fxe5 22. dxe5 Be6 23. Rhf1 Rae8 24. Rde1 Bc8 25. Rxf8 Rxf8 26. b3 a6 27. Kb1 Rd8 28. Qd4 a5 29. Rf1 Be6 30. Rf6 Bd7 31. Qd3 Qe8 32. Qd4 Qe7 33. h4 Kh7 34. Nxd7 Rxd7 35. e6 c5 36. Qf4 g5 37. Qf5+ Kg7 38. exd7 1-0

[Event "IND-chT (Women) 15th"]
[Site "Bhopal"]
[Date "2017.02.07"]
[Round "6.2"]
[White "Parnali, S Dharia"]
[Black "Janani, J."]
[Result "0-1"]
[WhiteElo "2161"]
[BlackElo "1819"]
[PlyCount "72"]
[EventDate "2017.02.02"]
[EventType "team-swiss"]
[EventRounds "7"]
[EventCountry "IND"]
[SourceTitle "CBM 176 Extra"]
[Source "ChessBase"]
[SourceDate "2017.03.02"]
[SourceVersion "1"]
[SourceVersionDate "2017.03.02"]
[SourceQuality "1"]
[WhiteTeam "Airports Authority"]
[BlackTeam "Tamil Nadu (W)"]
[WhiteTeamCountry "IND"]
[BlackTeamCountry "IND"]

1. d4 d5 2. c4 e6 3. Nf3 f5 4. Bf4 Nf6 5. Nc3 c6 6. Qc2 Bd6 7. g3 Bxf4 8. gxf4 0-0 9. e3 Ne4 10. Rg1 Nd7 11. Bd3 Ndf6 12. Ne5 Nd7 13. 0-0-0 Nxe5 14. dxe5 Bd7 15. Bxe4 fxe4 16. Rg5 Rf7 17. Rdg1 Qe7 18. Qe2 Rc8 19. f3 exf3 20. Qxf3 b5 21. Qh3 g6 22. cxb5 cxb5 23. Kb1 b4 24. Ne2 Bb5 25. Nd4 Bd3+ 26. Ka1 Qc5 27. Nb3 Qc6 28. Rd1 a5 29. Rgg1 Bf5 30. Qf3 Be4 31. Qe2 Qa4 32. Qa6 Rc6 33. Qxa5 Qxa5 34. Nxa5 Ra6 35. Nb3 Bc2 36. Nc5 Rxa2+ 0-1

[Event "IND-ch Challengers (Women) 43rd"]
[Site "Chennai"]
[Date "2016.06.23"]
[Round "9"]
[White "Nisha, N Patkar"]
[Black "Janani, J."]
[Result "1-0"]
[WhiteElo "1686"]
[BlackElo "1857"]
[PlyCount "49"]
[EventDate "2016.06.17"]
[EventType "swiss"]
[EventRounds "11"]
[EventCountry "IND"]
[SourceTitle "CBM 173 Extra"]
[Source "ChessBase"]
[SourceDate "2016.08.29"]
[SourceVersion "1"]
[SourceVersionDate "2016.08.29"]
[SourceQuality "1"]

1. e4 e5 2. Nf3 Nc6 3. Nc3 Nf6 4. Bb5 d6 5. d4 exd4 6. Nxd4 Bd7 7. Bxc6 bxc6 8. Qf3 Be7 9. Nf5 Bxf5 10. exf5 Qd7 11. b3 d5 12. Bb2 Qd6 13. 0-0-0 0-0 14. g4 Nd7 15. h4 h6 16. Rdg1 g5 17. hxg5 Bxg5+ 18. Kb1 Nf6 19. Bc1 Nh7 20. Qh3 Kg7 21. f4 Bxf4 22. Bxf4 Qxf4 23. g5 Qd6 24. f6+ Kg6 25. Qd3# 1-0

[Event "IND-ch U15"]
[Site "Mumbai"]
[Date "2009.11.09"]
[Round "11"]
[White "Janani, J."]
[Black "Sahajasri, Cholleti"]
[Result "0-1"]
[WhiteElo "1798"]
[BlackElo "2014"]
[PlyCount "122"]
[EventDate "2009.11.01"]
[EventType "swiss"]
[EventRounds "11"]
[EventCountry "IND"]
[SourceTitle "EXT 2011"]
[Source "ChessBase"]
[SourceDate "2010.11.26"]
[SourceVersion "1"]
[SourceVersionDate "2010.11.26"]
[SourceQuality "1"]

1. e4 c5 2. Nf3 d6 3. d4 cxd4 4. Nxd4 Nf6 5. f3 e5 6. Nb3 a6 7. c4 Be6 8. Be3 Nbd7 9. Nc3 Rc8 10. Nd5 Bxd5 11. cxd5 Nc5 12. Nd2 b5 13. Be2 Be7 14. 0-0 h5 15. Rc1 h4 16. b4 Na4 17. Qb3 0-0 18. f4 Qd7 19. fxe5 dxe5 20. Nf3 Ng4 21. a3 h3 22. g3 a5 23. Kh1 axb4 24. axb4 Bd6 25. Bg1 g6 26. Ng5 Rxc1 27. Rxc1 Kg7 28. Qd1 Nh6 29. Qf1 Bxb4 30. Bxb5 Qg4 31. Be3 Nc3 32. Bd3 Ra8 33. Qxh3 Qxh3 34. Nxh3 Ng4 35. Bf2 Rh8 36. Bf1 Rxh3 37. Bxh3 Nxf2+ 38. Kg2 Nfxe4 39. Bc8 Nxd5 40. Bb7 Nec3 41. Bxd5 Nxd5 42. Kf3 f5 43. Rc4 e4+ 44. Ke2 Be7 45. Rd4 Nc3+ 46. Ke1 Kf6 47. Rc4 Nb5 48. Rc6+ Nd6 49. Rc5 g5 50. Ke2 f4 51. g4 f3+ 52. Kf2 Bd8 53. Rc6 Ke5 54. Ke3 Kd5 55. Ra6 Nc4+ 56. Kf2 Bb6+ 57. Ke1 e3 58. Ra2 Ba5+ 59. Rxa5+ Nxa5 60. h3 Nc4 61. Kd1 Ke4 0-1

[Event "IND-ch U20 Girls"]
[Site "Chennai"]
[Date "2009.09.27"]
[Round "10"]
[White "Shetye, Sidhhali"]
[Black "Janani, J."]
[Result "1-0"]
[WhiteElo "1862"]
[BlackElo "1804"]
[PlyCount "57"]
[EventDate "2009.09.20"]
[EventType "swiss"]
[EventRounds "11"]
[EventCountry "IND"]
[SourceTitle "CBM 132 Extra"]
[Source "ChessBase"]
[SourceDate "2009.11.03"]
[SourceVersion "1"]
[SourceVersionDate "2009.11.03"]
[SourceQuality "1"]

1. d4 d5 2. Nf3 Nf6 3. c4 e6 4. g3 Ne4 5. Bg2 f5 6. 0-0 Nd7 7. b3 Ndf6 8. Ba3 Bxa3 9. Nxa3 g5 10. Ne5 h5 11. f3 Nd6 12. e4 dxe4 13. fxe4 Ndxe4 14. Nc2 Qd6 15. Qd3 Rh7 16. Rae1 c5 17. Bxe4 Nxe4 18. Rxe4 fxe4 19. Qxe4 Rg7 20. Qf3 g4 21. Qf6 Qe7 22. Qh6 Kd8 23. Qxh5 Kc7 24. Nf7 Kc6 25. d5+ Kb6 26. d6 Qe8 27. b4 Qc6 28. Rb1 a6 29. Nd8 1-0